000 nam a22 7a 4500
999 _c6896
_d6896
005 20190117055112.0
008 190117b xxu||||| |||| 00| 0 eng d
020 _a9712717518
_bpaperback
040 _beng
_cAPEC Schools Library
_erda
082 _aFic
_bR716s 1988
100 _aRosca, Ninotchka
245 _aState of war :
_ba novel
_cNinotchka Rosca
264 _aPasig City :
_bAnvil Publishing, Inc.,
_c©1988.
_d1988.
300 _a382 pages ;
_c20 cm.
336 _2rdacontent
_atext
337 _2rdamedia
_aunmediated
338 _2rdacarrier
_avolume
942 _2ddc
_cBK